000 00390nam a2200157Ia 4500
008 230711s9999||||xx |||||||||||||| ||und||
041 _aENG
082 _a720
_bSA-I
100 _aShai,Surendra
245 0 _aIndian Architecture hindu, buddhist and jain
250 _a1st Ed.
260 _c2005
_aNew Delhi
_bPrakash Books Pvt Ltd
300 _a235
650 _aArchitecture
942 _cBK
999 _c5064
_d5064